000 00575nam a22001457a 4500
020 _a978-93-50-64-2362
082 _a823
_bMOD/A
100 _aMODI NARENDRA
245 _aABODE OF LOVE
260 _aDELHI
_bRAJPAL & SONS
_c2014
300 _a135
520 _aThese stories were written during 19751977 when Emergency had been imposed in the country, Rashrriya Sevak Sangh, for which Narendra Mocli worked with, was banned and consequently he had to go underground. Several times he changed disguises to avoid being recognized and arrested.
650 _aSTORY
942 _cBK
999 _c6902
_d6902